• 首页
  • 本馆介绍
  • 公告通知
  • 最新文献
  • 馆藏检索
  • 电子资源
  • 读者导购
  • 参考咨询
  • 我的图书馆
  • 登录
  • 详细信息显示
  • 放入我的书架
  • 预约/预借图书
  • 作者相关作品
  • 分类相关作品
  • 丛书相关作品
  • 出版社相关作品

书目信息

  • 表格格式
  • 工作单格式
  • 卡片格式
题名:
领导心理学导论
    
 
作者: 俞文钊 著
分册:  
出版信息: 北京   人民教育出版社  1993
页数: 7, 715页
开本: 20cm
丛书名:
单 册:
中图分类: B849:C933 , C933 , B849
科图分类:
主题词: 领导心理学
电子资源:
ISBN: 7-107-11031-4
000 00696nam0 2200253 45
001 1531910277
005 20150203140256.60
009 TLS9400769
010    @a7-107-11031-4@dCNY11.70
100    @a19940402d1993 em y0chiy0120 ea
101 0  @achi
102    @aCN@b110000
105    @aak a 00yy
200 1  @a领导心理学导论@ALing Dao Xin Li Xue Dao Lun@f俞文钊著@FYu Wen Zhao Zhu
210    @a北京@c人民教育出版社@d1993
215    @a7, 715页@c图@d20cm
320    @a书目:第710-715页。
606    @a领导心理学
690    @aB849:C933@v3
690    @aC933@v3
690    @aB849@v4
701  0 @a俞文钊@AYu Wen Zhao ,@f1935-@4著
801  0 @aCN@bTSSF@c20150203
905    @aZUCC@dB849@eJY35
    
    领导心理学导论/俞文钊著.-北京:人民教育出版社,1993
    7, 715页:图;20cm
    
    
    ISBN 7-107-11031-4:CNY11.70
    
●
相关链接 在E读中查询图书 在五车中查询图书 在当当中查询图书 在豆瓣中查询图书


正题名:领导心理学导论     索取号:B849/JY35         预约/预借

序号 登录号 条形码 馆藏地/架位号 状态 备注
1 7859071   278590712   学院路分馆/ [索取号:B849/JY35] 在馆    
2 7859072   278590721   学院路分馆/ [索取号:B849/JY35] 在馆    
3 7865595   278655956   学院路分馆/ [索取号:B849/JY35] 在馆    
唐山师范学院图书馆 欢迎您!
大连网信软件有限公司© 版权所有